Die schönsten Weihnachtsmärkte in Deutschland - Statistiken

Allgemein
  • Dieses Quiz wurde 182 mal gespielt
  • Das Durchschnittsergebnis liegt bei 5 aus 10
Antwortstatistiken
Platz Stadt % Korrekt
8 Berlin
87%
3 Weißer Zauber / Hamburg
82%
1 Christkindlmarkt / Nürnberg
81%
4 Köln
78%
5 Striezelmarkt / Dresden
74%
6 Aachen
27%
9 Münster
26%
10 Trier
18%
7 Essling
4%
2 Goslar
4%
Keine übereinstimmenden Quizze gefunden
Verteilung der Resultate
Anzahl Personen mit jedem Resultat
Perzentil nach korrekt beantworteten Fragen
Ihre Resultats-Entwicklung
Sie haben dieses Quiz noch nicht gespielt